Portugal's stand in Africa /

Bibliographic Details
Main Author: Moreira, Adriano
Format: Book
Language:English
Published: New York : University Publishers, [1962]
Subjects:

MARC

Tag First Indicator Second Indicator Subfields
LEADER 00000cam a2200000 4500
001 in00000053520
005 20151008050306.0
008 750910s1962 nyu 00000 eng
010 |a  62013241  
035 |a (OCoLC)01615393 
035 |9 AAG0320AM 
040 |a DLC  |c TOL  |d TOL  |d TXA  |d UtOrBLW 
049 |a TXAM  |c [351421] 
050 0 |a DT36  |b .M63 
092 |a 325.3469  |b M838p 
100 1 |a Moreira, Adriano. 
245 1 0 |a Portugal's stand in Africa /  |c [Translation from the Portuguese by William Davis and others]. 
264 1 |a New York :  |b University Publishers,  |c [1962] 
264 4 |c [©1962] 
300 |a 265 pages ;  |c 22 cm. 
336 |a text  |b txt  |2 rdacontent 
337 |a unmediated  |b n  |2 rdamedia 
338 |a volume  |b nc  |2 rdacarrier 
651 0 |a Portugal  |x Colonies  |z Africa. 
999 |a MARS 
999 f f |s 402b8313-47a7-3ec4-8119-43567d44ae32  |i 92f87a1e-c737-3a8a-a599-a33a7731d58f  |t 0 
952 f f |p normal  |a Texas A&M University  |b College Station  |c Sterling C. Evans Library  |d Evans: Library Stacks  |t 0  |e DT36 .M63  |h Library of Congress classification  |i unmediated -- volume  |m A14800671662 
998 f f |a DT36 .M63  |t 0  |l Evans: Library Stacks